| 000 | 00632nam a22001817a 4500 | ||
|---|---|---|---|
| 003 | CEME | ||
| 005 | 20210628205719.0 | ||
| 008 | 210316b xxu||||| |||| 00| 0 eng d | ||
| 020 | _a0-7923-9776-2 | ||
| 040 | _c. | ||
| 082 | _a621.3192 ANA | ||
| 100 |
_aHuijsing, Johan H Van Deplassche, Rudy Jsansen, Willy _976784 |
||
| 245 | _aAnalog circuit design most rf circuits,sigma-delta convertors and translinear circuits | ||
| 260 |
_aBOSTON _bKLUWER ACADEMIC _c1996 |
||
| 300 | _a409P | ||
| 650 |
_aCMOS RF TRANSCEIVERS CONVERTERS-BANDPASS DELTA-SIGMA IN RF RECEIVERS LOW VOLTAGE CONTINUOUS-TIME FILTERS _976785 |
||
| 942 |
_cBK _2ddc |
||
| 999 |
_c582113 _d582113 |
||